Dejiny spisovnej slovenčiny od začiatkov po súčasnosť

Guardado en:
Detalles Bibliográficos
Autor principal: Pauliny, Eugen
Formato: Libro
Lenguaje:eslovaco
Publicado: Bratislava Slovenské pedagogické nakladateľstvo 1983
Materias:
Etiquetas: Agregar Etiqueta
Sin Etiquetas, Sea el primero en etiquetar este registro!

MARC

LEADER 00000nam a2200000 4500
001 c117725
005 20221128065606.5
041 0 |a slo 
044 |a SK 
245 1 0 |a Dejiny spisovnej slovenčiny  |b od začiatkov po súčasnosť  |c Eugen Pauliny 
264 1 |a Bratislava  |b Slovenské pedagogické nakladateľstvo  |c 1983 
300 |a 248 s. 
610 2 0 |a jazykoveda 
610 2 0 |a terminológia 
610 2 0 |a slovenčina 
100 1 |a Pauliny, Eugen